Normal view
MARC view
- John-Ren Chen
Entry Personal Name
001 - CONTROL NUMBER
- control field: 27701
003 - CONTROL NUMBER IDENTIFIER
- control field: NUST
005 - DATE AND TIME OF LATEST TRANSACTION
- control field: 20200117104246.0
008 - FIXED-LENGTH DATA ELEMENTS
- fixed length control field: 200117|| aca||aabn | a|a d
040 ## - CATALOGING SOURCE
- Original cataloging agency: NUST
- Transcribing agency: NUST
100 ## - HEADING--PERSONAL NAME
- Personal name: John-Ren Chen
670 ## - SOURCE DATA FOUND
- Source citation: Work cat.: (NUST): John-Ren Chen, The Role of International Institutions in Globalization the Challenges of Reform , c2003
